Aha! Solutions
Αποθηκεύτηκε σε:
| Κύριος συγγραφέας: | |
|---|---|
| Μορφή: | Βιβλίο |
| Γλώσσα: | English |
| Δημοσίευση: |
Washington, DC :
Mathematical Association of America,
c2009
|
| Σειρά: | MAA problem books series
|
| Θέματα: | |
| Ετικέτες: |
Προσθήκη ετικέτας
Δεν υπάρχουν, Καταχωρήστε ετικέτα πρώτοι!
|
MARC
| LEADER | 00000nam a2200000 i 4500 | ||
|---|---|---|---|
| 001 | 1/29208 | ||
| 008 | 130429s2009 eng d | ||
| 020 | |a 978-0-88385-829-5 | ||
| 035 | |l 10114335 | ||
| 040 | |a GR-MY-UA |b gre |e aacr | ||
| 041 | 0 | |a eng | |
| 082 | 0 | |a 510.76 |2 (22) | |
| 100 | 1 | |a Erickson, Martin J. |d 1963- | |
| 245 | 1 | 0 | |a Aha! Solutions / |c Martin Erickson |
| 260 | |a Washington, DC : |b Mathematical Association of America, |c c2009 | ||
| 300 | |a xii, 207 σ.; |b σχέδια; |c 26 εκ. | ||
| 490 | 1 | |a MAA problem books series | |
| 504 | |a Βιβλιογραφία: σ.197-198 | ||
| 504 | |a Ευρετήριο: σ.199-205 | ||
| 650 | 0 | 0 | |a Problem solving. |
| 650 | 0 | 0 | |a Mathematics |x Problems, exercises, etc. |
| 830 | 0 | |a MAA problem books series | |
| 852 | |a INST |b CHIOS |e 20130429 |h 510.76 ERI |p 005200035343 |q 005200035343 |t BK |y 0 | ||
| 901 | |a BIBL2-2013-1 | ||
| 909 | |a Χ |b 177543 | ||
| 922 | |a 2ΕΛΗ |b 201210 |c ΤΑΚ/ΤΜΟΔ |d ΙΩΑΝΝΙΔΟΥ | ||
| 970 | |a ΣΠΕΝΤΖΑ |b ΕΛΕΝΗ |z 2013/04/29 | ||